| 000 | 00915nam a22002657a 4500 | ||
|---|---|---|---|
| 999 |
_c8782 _d8782 |
||
| 003 | AR-CdUCM | ||
| 008 | 190326b ||||| |||| 00| 0 spa d | ||
| 040 |
_aMUNICIPALIDAD PROVINCIAL DEL CUSCO _cBIBLIOTECA MUNICIPAL DEL CUSCO |
||
| 082 |
_a363.1 / _bP77 |
||
| 100 |
_aPonce La Jara, Luis Antonio _924485 |
||
| 245 | _aManual de protección personal / | ||
| 260 |
_aCusco : _bKopygraf, _c2015. |
||
| 300 |
_a150 páginas ; _bilustraciones ; _c21 cm. |
||
| 500 | _a"Seguridad ciudadana. Juntos contra el peligro y la delincuencia"--Cubierta. | ||
| 650 |
_aManuales, etc. _924486 |
||
| 650 |
_aSeguridad personal _924487 |
||
| 650 |
_aPrevención _99797 |
||
| 650 |
_aDelitos contra la persona _924488 |
||
| 650 |
_aDelitos contra la seguridad pública _924489 |
||
| 650 |
_aDesastres naturales _924490 |
||
| 650 |
_aEmergencias médicas _924491 |
||
| 650 |
_aPerú _935 |
||
| 942 |
_2ddc _cLIBROS |
||
| 945 | _azta | ||